| Tag |
First Indicator |
Second Indicator |
Subfields |
| LEADER |
00000nmm a22000001a 4500 |
| 001 |
in00004622113 |
| 006 |
m|||||o||m|||||||| |
| 007 |
cr|cn |||uuuuu |
| 008 |
221118s2020 xxu||||eo|||| ||||||eng d |
| 005 |
20221207220220.7 |
| 035 |
|
|
|a (TxWaIVM)IV80480DyTh
|
| 040 |
|
|
|a TxWaIVM
|c TxWaIVM
|
| 245 |
0 |
4 |
|a The Dynamite Art of Lucio Parrillo /
|c powered by Library Pass.
|
| 260 |
3 |
|
|a [United States] :
|b Dynamite,
|c 2020.
|
| 300 |
|
|
|a 1 online resource.
|
| 336 |
|
|
|a text
|b txt
|2 rdacontent
|
| 337 |
|
|
|a computer
|b c
|2 rdamedia
|
| 338 |
|
|
|a online resource
|b cr
|2 rdacarrier
|
| 520 |
|
|
|a For the last decade, artist Lucio Parrillo has crafted some of the most incredible painted images ever seen in comics! For Dynamite Entertainment, Parrillo has painted the most iconic images of the most iconic characters in the company's library! Now, all of this incredible art is presented in one incredible collection! Red Sonja: From Barbarian to Queen! Vampirella: Drakulon and Beyond! John Carter, Dejah Thoris and Tarzan: From the Jungles of Earth to the Wastes of Barsoom! Plus: Zombies, Pirates and Chaos! 200 pages of beautiful women and horrific beasts! Also featuring select process and preliminary pieces of art from Parrillo himself! Lucio Parrillo is an illustrator and painter who for the past 15 years has worked for the most reputable companies in the comics and games industry. He has painted many covers for Marvel Comics, DC Comics, and Dynamite Entertainment. He has worked on trading cards and other game productions, including Magic the Gathering and Warcraft.
|
| 521 |
|
|
|a 3
|
| 538 |
|
|
|a Requires a valid library card and registration for new users.
|
| 538 |
|
|
|a Mode of access: World Wide Web.
|
| 538 |
|
|
|a System requirements: Flash 10.1 or higher, Windows XP and higher, Internet Explorer 7 and higher, Firefox 3.6 and higher, Google Chrome; Max OS 10.5 and higher, Safari 4 and higher.
|
| 650 |
|
0 |
|a Fantasy comic books, strips, etc.
|
| 655 |
|
7 |
|a Electronic books.
|2 local
|
| 655 |
|
7 |
|a Fantasy comic books, strips, etc.
|2 gsafd
|
| 650 |
|
0 |
|a Horror comic books, strips, etc.
|
| 655 |
|
7 |
|a Horror comic books, strips, etc.
|2 gsafd
|
| 650 |
|
0 |
|a Fantasy comic books, strips, etc.
|
| 655 |
|
7 |
|a Fantasy comic books, strips, etc.
|2 gsafd
|
| 650 |
|
0 |
|a Art Books
|
| 655 |
|
7 |
|a Art Books
|2 gsafd
|
| 700 |
1 |
|
|a Parrillo, Lucio.
|e writer.
|
| 700 |
1 |
|
|a Parrillo, Lucio.
|e artist.
|
| 710 |
2 |
|
|a Library Pass, LLC.
|
| 856 |
4 |
0 |
|u http://proxy.library.tamu.edu/login?url=https://tamu.librarypass.com/product/com.iversecomics.dynamite.the.dynamite.art.of.lucio.parrillo.english.12112020
|z Connect to this electronic book (First time users create your free account)
|t 0
|
| 955 |
|
|
|a Comics Plus.
|
| 999 |
f |
f |
|s 9bb6806c-a866-430b-9be0-8e5be6991853
|i dae12ebb-ce20-43ff-b8ce-18ad1a5271f4
|t 0
|
| 952 |
f |
f |
|a Texas A&M University
|b College Station
|c Electronic Resources
|d Available Online
|t 0
|h Library of Congress classification
|
| 998 |
f |
f |
|t 0
|l Available Online
|